Guess the USA State by Nature - Statistics

General Stats
  • This quiz has been taken 112 times
  • The average score is 9 of 20
Answer Stats
Picture Answer % Correct
Hawaii
83%
Wyoming
75%
Utah
70%
Louisiana
66%
New York
65%
Arizona
63%
California
58%
Nevada
54%
Florida
53%
Washington
48%
Oregon
43%
Alaska
40%
Montana
40%
Texas
40%
Colorado
36%
New Mexico
35%
Pennsylvania
19%
Tennessee
14%
South Carolina
12%
New Jersey
11%
No matching quizzes found
Score Distribution
Percent of People with Each Score
Percentile by Number Answered
Your Score History
You have not taken this quiz